| 000 | 00523nam a22001817a 4500 | ||
|---|---|---|---|
| 999 |
_c173090 _d173090 |
||
| 005 | 20200218125938.0 | ||
| 010 | _aENG-127864 | ||
| 020 |
_a9789380959023 _c495.00 |
||
| 035 | _aEN-111396 | ||
| 037 | _bDBAD/PUB | ||
| 082 | _a808 | ||
| 100 | _aAggarwal,Payal | ||
| 245 |
_a7 Steps for Effective Writing/ _cby Payal Aggarwal |
||
| 260 |
_aNew Delhi _bAkshay Books _c2016 |
||
| 270 |
_a315,Hari Nagar Ashram,Mathura Road _bNew Delhi _e110014 |
||
| 300 |
_a219p. _c23cm (hb) |
||
| 942 |
_2ddc _cEN _h808 _mAGG |
||